Viacrucis / (Registro nro. 170617)

Detalles MARC
000 -LEADER
campo de control de longitud fija 00642nam a22002175i 4500
001 - NÚMERO DE CONTROL
campo de control 170617
003 - IDENTIFICADOR DE NÚMERO DE CONTROL
campo de control ES-MaACL
005 - FECHA Y HORA DE LA ÚLTIMA TRANSACCIÓN
campo de control 20240510063138.0
008 - DATOS DE LONGITUD FIJA--INFORMACIÓN GENERAL
campo de control de longitud fija 090324s1970 sp |||| | spa d
080 ## - NÚMERO DE LA CLASIFICACIÓN DECIMAL UNIVERSAL
Número de la Clasificación Decimal Universal 821.134.2-14"19"
100 1# - ENTRADA PRINCIPAL--NOMBRE DE PERSONA
Nombre de persona Casanueva, Bernardo.
9 (RLIN) 36137
245 10 - MENCIÓN DEL TÍTULO
Título Viacrucis /
Mención de responsabilidad, etc. Bernardo Casanueva.
250 ## - MENCION DE EDICION
Mención de edición 1ª ed.
260 ## - PUBLICACIÓN, DISTRIBUCIÓN, ETC.
Lugar de publicación, distribución, etc. Santander :
Nombre del editor, distribuidor, etc. La Isla de los Ratones,
Fecha de publicación, distribución, etc. 1970.
300 ## - DESCRIPCIÓN FÍSICA
Extensión 69 p. ;
Dimensiones 17 cm.
490 1# - MENCIÓN DE SERIE
Mención de serie Colección "Poetas de Hoy" ;
Designación de volumen o secuencia 55
830 0# - PUNTO DE ACCESO ADICIONAL DE SERIE-TÍTULO UNIFORME
Título uniforme Colección "Poetas de Hoy" ;
Designación de volumen o secuencia 55
9 (RLIN) 189058
852 ## - LOCALIZACIÓN
Ubicación ES-MaACL
Número de control de estantería 2253-F-8
itemnumber R.144598
942 ## - ELEMENTOS DE ENTRADA SECUNDARIOS (KOHA)
Fuente del sistema de clasificación o colocación Clasificación decimal universal
Existencias
Estatus retirado Estado de pérdida Estado de daño No para préstamo Colección Biblioteca de origen Biblioteca actual Ubicación en estantería Fecha de adquisición Fuente de adquisición Total de préstamos Signatura topográfica completa Código de barras Visto por última vez Precio de reemplazo Tipo de ítem Koha
        Colección de folletos Biblioteca del Ateneo de Madrid Biblioteca del Ateneo de Madrid Depósito folletos 24/03/2009     2253-F-8 1179052 23/02/2023 23/02/2023 Folleto